[Event "Belem Gambito da Dama op 1st U2000"]
[Site "Belem"]
[Date "2018.02.03"]
[Round "4.4"]
[White "Moreira da Silva, Jairo"]
[Black "Rivera Fernandez, Fredy Alejandro"]
[Result "0-1"]
[WhiteElo "1805"]
[BlackElo "1388"]
[PlyCount "68"]
[EventDate "2018.02.12"]
[EventType "swiss"]
[EventRounds "5"]
[EventCountry "BRA"]
[SourceTitle "EXT 2022"]
[Source "ChessBase"]
[SourceDate "2021.10.06"]
[SourceVersion "1"]
[SourceVersionDate "2021.10.06"]
[SourceQuality "1"]

1. e4 c5 2. Nf3 d6 3. c3 Nc6 4. d4 cxd4 5. cxd4 e6 6. Nc3 Nf6 7. Bb5 Bd7 8. d5 exd5 9. exd5 Qe7+ 10. Qe2 Qxe2+ 11. Nxe2 Nxd5 12. 0-0 Be7 13. Be3 Nxe3 14. fxe3 Nb4 15. Bxd7+ Kxd7 16. Ned4 Bf6 17. Rf2 Rhe8 18. Re2 Nc6 19. Kf2 Nxd4 20. Nxd4 Rac8 21. Rae1 Bxd4 22. exd4 Rxe2+ 23. Rxe2 Re8 24. Rxe8 Kxe8 25. d5 Ke7 26. Ke3 Kf6 27. Ke4 Kg5 28. h3 f5+ 29. Kf3 Kf6 30. Kf4 g5+ 31. Kf3 Ke5 32. g4 f4 33. a4 Kxd5 34. b3 Kd4 0-1

[Event "Manaus Regional Norte-ch"]
[Site "Manaus"]
[Date "2017.09.08"]
[Round "3"]
[White "Moreira da Silva, Jairo"]
[Black "Rodolpho Filho, Joao"]
[Result "1-0"]
[WhiteElo "1823"]
[BlackElo "1402"]
[PlyCount "77"]
[EventDate "2017.09.07"]
[EventType "swiss"]
[EventRounds "7"]
[EventCountry "BRA"]
[SourceTitle "CBM 180 Extra"]
[Source "ChessBase"]
[SourceDate "2017.10.06"]
[SourceVersion "1"]
[SourceVersionDate "2017.10.06"]
[SourceQuality "1"]

1. e4 c5 2. Nf3 d6 3. c3 e6 4. d4 cxd4 5. cxd4 Be7 6. Nc3 a6 7. Bc4 Nf6 8. 0-0 0-0 9. e5 dxe5 10. dxe5 Qxd1 11. Rxd1 Nfd7 12. Bf4 Nb6 13. Bb3 Nc6 14. a3 Na5 15. Ba2 Nac4 16. Rab1 Rd8 17. Be3 Nxe3 18. fxe3 Bd7 19. b4 Bc6 20. Rd4 Bxf3 21. gxf3 Bg5 22. Kf2 g6 23. Rbd1 Rac8 24. Ne4 Rxd4 25. Rxd4 Rc2+ 26. Rd2 Rxd2+ 27. Nxd2 Be7 28. Bb3 Kf8 29. Nb1 Bh4+ 30. Ke2 Bd8 31. Kd3 Ke7 32. Ke4 f5+ 33. Kd3 Bc7 34. f4 h6 35. Nd2 g5 36. Nf3 g4 37. Nd4 Nd5 38. Bxd5 exd5 39. Nxf5+ 1-0

[Event "Belem op 2nd"]
[Site "Belem"]
[Date "2017.07.08"]
[Round "3"]
[White "Soeiro, Allany Caroline da"]
[Black "Moreira da Silva, Jairo"]
[Result "0-1"]
[WhiteElo "1721"]
[BlackElo "1849"]
[PlyCount "85"]
[EventDate "2017.07.07"]
[EventType "swiss"]
[EventRounds "6"]
[EventCountry "BRA"]
[SourceTitle "EXT 2018"]
[Source "ChessBase"]
[SourceDate "2017.10.13"]
[SourceVersion "1"]
[SourceVersionDate "2017.10.13"]
[SourceQuality "1"]

1. d4 d5 2. Nf3 Nc6 3. g3 Nf6 4. Bg2 Bf5 5. a3 h6 6. 0-0 e6 7. Re1 Bd6 8. Nbd2 0-0 9. c4 Re8 10. b4 b5 11. c5 Bf8 12. Bb2 a5 13. Qb3 a4 14. Qc3 Rb8 15. Ne5 Nxe5 16. dxe5 Nd7 17. e4 dxe4 18. Bxe4 f6 19. Bc6 Nxe5 20. Bxe8 Qxd2 21. Rxe5 Qxc3 22. Bxc3 fxe5 23. Bd7 Be7 24. Bxe5 Bf6 25. Re1 Bxe5 26. Rxe5 Kf7 27. Kg2 Kf6 28. Re2 g5 29. h3 e5 30. Bxf5 Kxf5 31. Kf3 Rd8 32. g4+ Ke6 33. Kg3 Rd1 34. Kf3 Kd5 35. Re3 e4+ 36. Rxe4 Rd3+ 37. Re3 Rxe3+ 38. fxe3 Kc4 39. e4 Kd4 40. Kg3 Kxe4 41. h4 Ke3 42. hxg5 hxg5 43. Kg2 0-1